Biblioteca

Mis fábulas favoritas / ilustrado por Javier Inaraja (Registro nro. 48561)

Detalles MARC
000 -LÍDER
Campo fijo de descripción fija 004480000a22001810004500
001 - NÚMERO DE CONTROL
Campo de control 1399
003 - IDENTIFICADOR DEL NÚMERO DE CONTROL
Campo de control CO-MdFUSB
005 - FECHA Y HORA DE LA ULTIMA TRANSACCIÓN
control field 20170830171707.0
008 - ELEMENTOS DE LONGITUD FIJA -- INFORMACIÓN GENERAL
Campo fijo de descripción fija -- Información general 170706b xxu||||| |||| 00| 0 eng d
020 ## - NÚMERO INTERNACIONAL NORMALIZADO PARA LIBROS
Número Internacional Normalizado del libro 950-619-107-7
040 ## - FUENTE DE CATALOGACIÓN
Agencia que realiza la transcripción CO-MdBIC
082 04 - NÚMERO DE CLASIFICACIÓN DECIMAL DEWEY
Número de clasificación 868F Su81f
100 1# - ASIENTO PRINCIPAL--NOMBRE PERSONAL
Nombre personal Inaraja, Javier
245 10 - TÍTULO
Título del Material Mis fábulas favoritas / ilustrado por Javier Inaraja
260 ## - PUBLICACIÓN, DISTRIBUCIÓN, ETC. (PIE DE IMPRENTA)
Lugar de publicación, distribución, etc. Argentina : Susaeta ediciones
300 ## - DESCRIPCIÓN FÍSICA
Extensión 24 P.
942 ## - TIPO DE MATERIAL (KOHA)
Tipo de Item KOHA Z- Libro General BINCO
Existencias
Estado de Material Estado de Perdido Forma de Clasificación Volumen-Parte/Tomo Estado de Dañado No para Préstamo Tomo Biblioteca de Origen Biblioteca Permanente Fecha de Adquisición Total de Préstamos Signatura Topográfica Código de Barras Última vez visto Última vez Préstado Ejemplar/Existencia Fecha de Remplazo Tipo de Material Prestado
    Dewey Decimal Classification         Biblioteca Infantil Comunitaria BINCO Biblioteca Infantil Comunitaria BINCO 14/07/2009 1 868F Su81f2 B31788 17/03/2023 01/03/2023 2 26/01/2016 Z- Libro General BINCO  
    Dewey Decimal Classification         Biblioteca Infantil Comunitaria BINCO Biblioteca Infantil Comunitaria BINCO 14/07/2009 4 868F Su81f B31842 22/02/2023 22/02/2023 3 26/01/2016 Z- Libro General BINCO 08/03/2023
              Biblioteca Infantil Comunitaria BINCO Biblioteca Infantil Comunitaria BINCO 04/08/2008   G CF In19f B31813 13/09/2017   1 26/01/2016 Z- Libro General BINCO  

Biblioteca FUSBC | Teléfono: (57+4) 349 88 10 Ext. 141| WhatsApp (+57) 3005338115 
E-mail: biblioteca@unisbc.edu.co | Calle 76 87-14 Robledo Palenque, Medellín, Colombia

Con tecnología Koha